<?xml version="1.0" encoding="UTF-8"?>
<record
    xmlns:xsi="http://www.w3.org/2001/XMLSchema-instance"
    xsi:schemaLocation="http://www.loc.gov/MARC21/slim http://www.loc.gov/standards/marcxml/schema/MARC21slim.xsd"
    xmlns="http://www.loc.gov/MARC21/slim">

  <leader>00283nam a22001097a 4500</leader>
  <controlfield tag="008">240923b        |||||||| |||| 00| 0 eng d</controlfield>
  <datafield tag="022" ind1=" " ind2=" ">
    <subfield code="a">09730052</subfield>
  </datafield>
  <datafield tag="245" ind1=" " ind2=" ">
    <subfield code="a">International Journal Of Rural Management</subfield>
  </datafield>
  <datafield tag="260" ind1=" " ind2=" ">
    <subfield code="a">New Dehli</subfield>
    <subfield code="b">Sage Publication</subfield>
    <subfield code="c">2024</subfield>
  </datafield>
  <datafield tag="300" ind1=" " ind2=" ">
    <subfield code="a">Eng</subfield>
  </datafield>
  <datafield tag="942" ind1=" " ind2=" ">
    <subfield code="c">SR</subfield>
    <subfield code="s">1</subfield>
  </datafield>
  <datafield tag="999" ind1=" " ind2=" ">
    <subfield code="c">41531</subfield>
    <subfield code="d">41531</subfield>
  </datafield>
  <datafield tag="952" ind1=" " ind2=" ">
    <subfield code="0">0</subfield>
    <subfield code="1">0</subfield>
    <subfield code="2">ddc</subfield>
    <subfield code="4">0</subfield>
    <subfield code="7">0</subfield>
    <subfield code="a">IMTN</subfield>
    <subfield code="b">IMTN</subfield>
    <subfield code="d">2024-09-25</subfield>
    <subfield code="h">Vol. 20, No. 1</subfield>
    <subfield code="l">0</subfield>
    <subfield code="p">P05</subfield>
    <subfield code="r">2024-09-25 00:00:00</subfield>
    <subfield code="w">2024-09-25</subfield>
    <subfield code="y">SR</subfield>
  </datafield>
  <datafield tag="952" ind1=" " ind2=" ">
    <subfield code="0">0</subfield>
    <subfield code="1">0</subfield>
    <subfield code="2">ddc</subfield>
    <subfield code="4">0</subfield>
    <subfield code="7">0</subfield>
    <subfield code="a">IMTN</subfield>
    <subfield code="b">IMTN</subfield>
    <subfield code="d">2024-09-25</subfield>
    <subfield code="h">Vol. 20, No. 2</subfield>
    <subfield code="p">P06</subfield>
    <subfield code="r">2024-09-25 00:00:00</subfield>
    <subfield code="w">2024-09-25</subfield>
    <subfield code="y">SR</subfield>
  </datafield>
  <datafield tag="952" ind1=" " ind2=" ">
    <subfield code="0">0</subfield>
    <subfield code="1">0</subfield>
    <subfield code="2">ddc</subfield>
    <subfield code="4">0</subfield>
    <subfield code="7">0</subfield>
    <subfield code="a">IMTN</subfield>
    <subfield code="b">IMTN</subfield>
    <subfield code="d">2024-12-02</subfield>
    <subfield code="h">Vol. 20, No. 3</subfield>
    <subfield code="p">P110</subfield>
    <subfield code="r">2024-12-02 00:00:00</subfield>
    <subfield code="w">2024-12-02</subfield>
    <subfield code="y">SR</subfield>
  </datafield>
  <datafield tag="952" ind1=" " ind2=" ">
    <subfield code="0">0</subfield>
    <subfield code="1">0</subfield>
    <subfield code="2">ddc</subfield>
    <subfield code="4">0</subfield>
    <subfield code="7">0</subfield>
    <subfield code="a">IMTN</subfield>
    <subfield code="b">IMTN</subfield>
    <subfield code="d">2025-09-29</subfield>
    <subfield code="h">Vol. 21, No. 1</subfield>
    <subfield code="l">0</subfield>
    <subfield code="o">41533</subfield>
    <subfield code="p">P893</subfield>
    <subfield code="r">2025-09-29 00:00:00</subfield>
    <subfield code="w">2025-09-29</subfield>
    <subfield code="y">SR</subfield>
  </datafield>
  <datafield tag="952" ind1=" " ind2=" ">
    <subfield code="0">0</subfield>
    <subfield code="1">0</subfield>
    <subfield code="2">ddc</subfield>
    <subfield code="4">0</subfield>
    <subfield code="7">0</subfield>
    <subfield code="a">IMTN</subfield>
    <subfield code="b">IMTN</subfield>
    <subfield code="d">2025-09-29</subfield>
    <subfield code="h">Vol. 21, No. 2</subfield>
    <subfield code="l">0</subfield>
    <subfield code="p">P894</subfield>
    <subfield code="r">2025-09-29 00:00:00</subfield>
    <subfield code="w">2025-09-29</subfield>
    <subfield code="y">SR</subfield>
  </datafield>
</record>
